Gizli kaşifler ve kuyruklu yıldız çarpışması / (Kayıt no. 9113)

MARC ayrıntıları
000 -BAŞLIK
Sabit Uzunluktaki Kontrol Alanı 00530nam a22001937a 4500
003 - KONTROL NUMARASI KİMLİĞİ
Kontrol Alanı KOHA_MİRAKIL
005 - EN SON İŞLEM TARİHİ ve ZAMANI
Kontrol Alanı 20251006120859.0
008 - SABİT UZUNLUKTAKİ VERİ ÖGELERİ - GENEL BİLGİ
Sabit Alan 251006b tu ||||| |||| 00| 0 tur d
020 ## - ISBN - ULUSLARARASI STANDART KİTAP NUMARASI
Isbn 9786052275801
040 ## - KATALOGLAMA KAYNAĞI
Özgün Kataloglama Kurumu TR-AnABB
Kataloglama Dili tur
Çeviri Kurumu TR-AnABB
041 ## - DİL KODU
Metin ya da ses kaydının dil kodu tur
082 ## - DEWEY ONU SINIFLAMA SİSTEMİ
Sınıflama Numarası 823.914
Cutter numarası KIN 2022
100 1# - KİŞİ ADI
Yazar Adı (Kişi adı) King, Sj,
245 10 - ESER ADI BİLDİRİMİ
Başlık Gizli kaşifler ve kuyruklu yıldız çarpışması /
Sorumluluk Bildirimi SJ King
260 ## - YAYIN, DAĞITIM, VB.
Yayın Yeri Ankara :
Yayınevi Nobel Çocuk,
Yayın Tarihi 2022
300 ## - FİZİKSEL TANIMLAMA
Sayfa, Cilt vb. 127 sayfa ;
Boyutları 19 cm
650 04 - KONU BAŞLIĞI EK GİRİŞ - KONU TERİMİ
Konusal terim veya coğrafi ad Hikaye
942 ## - EK GİRİŞ ÖGELERİ (KOHA)
Sınıflama Kaynağı Dewey Decimal Classification
Materyal Türü Kitap
900 ## - YEREL BİLGİ
Kontrol Gizem YORULMAZ
Mevcut
Geri Çekilme Durumu Kayıp Durumu Sınıflandırma Kaynağı Kredi için değil Kalıcı Konum Mevcut Konum Kayıt Tarih Toplam Ödünçverme Yer Numarası Demirbaş Numarası Son Görülme Tarihi Fatura Tarihi Materyal Türü
    Dewey Decimal Classification   Büyükşehir Genç Akademi Batıkent Büyükşehir Genç Akademi Batıkent 06/10/2025   823.914 KIN 2022 ABB124760 06/10/2025 06/10/2025 Kitap